LEGO Ninjago: Elemenal Masters - Statistics

General Stats
  • This quiz has been taken 3,110 times
    2,821 since last reset
  • The average score is 17 of 27
Answer Stats
Power % Correct
Fire Kai
99%
Earth Cole
96%
Lightning Jay
96%
Ice zane
96%
Energy Lloyd
95%
Water Nya
95%
Creation Wu
80%
Wind Morro
66%
Time Acronix
64%
Amber Skylor
64%
Time 2 Krux
62%
Metal Karlof
61%
Fire #2 Ray
60%
Smoke Ash
57%
Destruction Lord Garmadon
57%
Water #2 Maya
57%
Poison Tox
56%
Darkness Overlord
53%
Mind Neuro
52%
Gravity Gravis
49%
Nature Bolobo
48%
Speed Griffin Turner
45%
Sound Jacob
45%
Shadow Shade
40%
Form Chamille
27%
Light Paleman
25%
Golden Power The First Spinjitzu Master
18%
No matching quizzes found
Score Distribution
Percent of People with Each Score
Percentile by Number Answered
Your Score History
You have not taken this quiz since the last reset